Cincuenta sombras (Registro nro. 41140)
[ vista simple ]
| 000 -ENCABEZADO | |
|---|---|
| Número de control [NR] | 01295nam a2200313Ia 4500 |
| 005 - FECHA Y HORA DE LA ÚLTIMA TRANSACCIÓN | |
| control field | 20140903180404.0 |
| 008 - DE LONGITUD FIJA DE DATOS DE ELEMENTOS - INFORMACIÓN GENERAL | |
| Elementos de longitud fija [NR] | 130821s2012 ck gr spa |
| 020 ## - NUMERO INTERNACIONAL NORMALIZADO PARA LIBROS [R] | |
| Número Internacional Normalizado del libro [NR] | 9789588618814 (v.2) |
| 020 ## - NUMERO INTERNACIONAL NORMALIZADO PARA LIBROS [R] | |
| Número Internacional Normalizado del libro [NR] | 9789588618920 (v.3) |
| 040 ## - FUENTE DE CATALOGACION [NR] | |
| Agencia de catalogación original [NR] | Co-BoUCM |
| Idioma de catalogación [NR] | spa |
| Quien Cataloga | |
| Quien Clasifica | Aldemar Mondragón (modificó) |
| 041 00 - CODIGO DE IDIOMA [R] | |
| Código de idioma para texto/pista de sonido o título separado [R] | Español |
| 100 1# - ASIENTO PRINCIPAL--NOMBRE PERSONAL [NR] | |
| Nombre personal [NR] | James, E. L. |
| Fechas asociadas con el nombre [NR] | 1963- |
| ID Autoridad | 36377 |
| 245 10 - MENCION DE TITULO [NR] | |
| Título [NR] | Cincuenta sombras |
| Mención de responsabilidad, etc. [NR] | E.L. James ; traducción Montse Roca y María del Puerto Barruetabeña Diez |
| 260 ## - PUBLICACION, DISTRIBUCION, ETC. (PIE DE IMPRENTA) [R] | |
| Lugar de publicación, distribución, etc. [R] | Bogotá (Colombia) |
| Nombre del editor, distribuidor, etc. [R] | Grijalbo |
| Fecha de publicación, distribución, etc. [R] | 2012 |
| 300 ## - DESCRIPCION FISICA [R] | |
| Extensión [R] | 2 volúmenes |
| 500 ## - NOTA GENERAL [R] | |
| Nota general [NR] | Escritora de la trilogía Cincuenta sombras de Grey (I), Cincuenta sombras más oscuras (II) y Cincuenta sombras liberadas (III) |
| 505 0# - NOTA DE CONTENIDO CON FORMATO PREESTABLECIDO [R] | |
| Información miscelánea [R] | V.2: Cincuenta sombras más oscuras |
| -- | V.1:Cincuenta sombras de Grey |
| State manifest and birth record (1764-1977). | V.3 : Cincuenta sombras liberadas |
| 650 #7 - ASIENTO SECUNDARIO DE MATERIA - TERMINO TEMATICO [R] | |
| Término temático o nombre geográfico como elemento de entrada [NR] | Literatura erótica |
| 9 (RLIN) | 18650 |
| 650 #7 - ASIENTO SECUNDARIO DE MATERIA - TERMINO TEMATICO [R] | |
| Término temático o nombre geográfico como elemento de entrada [NR] | Literatura europea |
| 9 (RLIN) | 26524 |
| 650 #7 - ASIENTO SECUNDARIO DE MATERIA - TERMINO TEMATICO [R] | |
| Término temático o nombre geográfico como elemento de entrada [NR] | Literatura inglesa |
| 9 (RLIN) | 18689 |
| 650 #7 - ASIENTO SECUNDARIO DE MATERIA - TERMINO TEMATICO [R] | |
| Término temático o nombre geográfico como elemento de entrada [NR] | Novela erótica |
| 9 (RLIN) | 20498 |
| 650 #7 - ASIENTO SECUNDARIO DE MATERIA - TERMINO TEMATICO [R] | |
| Término temático o nombre geográfico como elemento de entrada [NR] | Novela inglesa |
| 9 (RLIN) | 20530 |
| 690 ## - ASUNTO AGREGADO LOCAL DE ENTRADA - TÉRMINO TEMÁTICO (OCLC, RLIN) | |
| Acceso temático local | Literatura Europea |
| 700 1# - ASIENTO SECUNDARIO - NOMBRE PERSONAL [R] | |
| Nombre personal [NR] | Barruetabeña Diez, María del Puerto |
| 9 (RLIN) | 36378 |
| Término de relación [R] | traductor |
| 700 1# - ASIENTO SECUNDARIO - NOMBRE PERSONAL [R] | |
| Nombre personal [NR] | Roca, Montse |
| 9 (RLIN) | 36379 |
| Término de relación [R] | traductor |
| 765 0# - ASIENTO DE IDIOMA ORIGINAL [R] | |
| Título [NR] | Fity shades |
| 942 ## - ELEMENTOS DE ENTRADA AGREGADOS (KOHA) | |
| Tipo de ítem principal el descrito en 300a | Libro |
| Tema principal | Literatura |
| Edición | 1 |
| Parte restante de la signatura top. | J272c |
| Sistema de clasificación | DEWEY |
| Clasificación | 823 |
| Fecha de último préstamo | Total préstamos | Total Renewals | Signatura topográfica | Código de barras | Última vez visto | Volúmen / Fascículo | Ejemplar | Price effective from | Tipo de ítem | Perdido | Sistema de clasificación | Dañado | No prestable | Tipo de ítem específico | Suprimido | Ubicación habitual | Ubicación actual | Localización | Fecha de creación | Forma de adquisición | Costo | Costo de reposición | Proveedor |
|---|---|---|---|---|---|---|---|---|---|---|---|---|---|---|---|---|---|---|---|---|---|---|---|
| 21/03/2026 | 16 | 16 | 823 J272c | 100129873 | 30/04/2026 | V. 2 | Ej.1 | 03/02/2013 | Libro | DEWEY | Libro | Claustro | Claustro | 2do piso | 28/02/2013 | Compra | 44100.00 | ||||||
| 03/11/2023 | 10 | 19 | 823 J272c | 100129874 | 09/12/2025 | V.2 | Ej.2 | 03/02/2013 | Libro | DEWEY | Libro | Claustro | Claustro | 2do piso | 28/02/2013 | Compra | 44100.00 | ||||||
| 01/09/2023 | 10 | 14 | 823 J272c | 100129871 | 09/12/2025 | V. 3 | Ej.1 | 03/02/2013 | Libro | DEWEY | Libro | Claustro | Claustro | 2do piso | 28/02/2013 | Compra | 44100.00 | ||||||
| 03/11/2023 | 9 | 12 | 823 J272c | 100129872 | 09/12/2025 | V. 3 | Ej.2 | 03/02/2013 | Libro | DEWEY | Libro | Claustro | Claustro | 2do piso | 28/02/2013 | Compra | 44100.00 | ||||||
| 02/05/2026 | 8 | 13 | 823 J272c | 100132357 | 26/05/2026 | V.3 | Ej.3 | 29/05/2013 | Libro | DEWEY | Libro | Claustro | Claustro | 2do piso | 29/05/2013 | Compra | 48450.00 | 48450.00 | 10 | ||||
| 16/07/2015 | 8 | 6 | 823 J272c | 100132356 | 01/12/2025 | V.2 | Ej.3 | 29/05/2013 | Libro | DEWEY | Libro | Fundación Cardioinfantil | Fundación Cardioinfantil | 1er piso | 29/05/2013 | Compra | 48450.00 | 48450.00 | 10 |